Sociology : women, men and society /

Bibliographic Details
Other Authors: Almquist, Elizabeth M.
Format: Book
Language:English
Published: St. Paul, Minn. : West Pub. Co., [1978]
Subjects:

MARC

Tag First Indicator Second Indicator Subfields
LEADER 00000pam a2200000 a 4500
001 in00000070528
005 20151008061806.0
008 771220s1978 mnua b 00100 engm
010 |a  77027975  
020 |a 0829901744 :  |c $10.95 
035 |a (OCoLC)03558646 
035 |9 AAJ8835AM 
040 |a DLC  |c DLC  |d TXA  |d UtOrBLW 
049 |a TXAM  |c [386912] 
050 0 0 |a HM51  |b .S6638 
082 0 |a 301 
245 0 0 |a Sociology :  |b women, men and society /  |c Elizabeth M. Almquist [and others]. 
264 1 |a St. Paul, Minn. :  |b West Pub. Co.,  |c [1978] 
264 4 |c ©1978 
300 |a viii, 608 pages :  |b illustrations ;  |c 25 cm. 
336 |a text  |b txt  |2 rdacontent 
337 |a unmediated  |b n  |2 rdamedia 
338 |a volume  |b nc  |2 rdacarrier 
504 |a Includes bibliographies and indexes. 
650 0 |a Sociology. 
650 0 |a Social institutions. 
700 1 |a Almquist, Elizabeth M. 
999 |a MARS 
999 f f |s 55b1fed7-bf92-3125-a65c-e6f92f549ed4  |i 4069d6df-4dfa-3de3-8e06-1d7540e7ca69  |t 0 
952 f f |p ric  |a Texas A&M University  |b Rellis Campus  |c Joint Library Facility  |d Remote Storage  |t 0  |e HM51 .S6638  |h Library of Congress classification  |i unmediated -- volume  |m A14806139066 
998 f f |a HM51 .S6638  |t 0  |l Remote Storage